000 00335 a2200157 4500
001 178452
020 _a
040 _cMagnum
100 _aAbritta, Conceicao Parrriras.
240 1 0 _aO bau
_lpor
245 1 0 _aO bau
362 0 _a1899
440 1 _aArmazém de Idéias
697 _aMAGNITO: IJ/AVENTURA, CRIANCAS
942 _cBK
999 _c178452
_d178452